| 000 | 00649nam a22001577a 4500 | ||
|---|---|---|---|
| 003 | OSt | ||
| 005 | 20151024095044.0 | ||
| 008 | 151024b xxu||||| |||| 00| 0 eng d | ||
| 040 | _cRUA | ||
| 082 | _aAVM LEN 2012 B0101 Or.1 | ||
| 100 |
_92732 _aLENG VUTHY |
||
| 245 | _aSurvey on infection disease in cattle at damnak chang aeur district, keb province, (ការអង្កេតលើជំងឺឆ្លង ដែលជួបប្រទះលើគោនៅក្នុងស្រុកដំណាក់ចង្អើរ ខេត្តកែប) | ||
| 260 |
_aPhnom Penh _bRua _c2012 |
||
| 300 |
_ax, 34p. _bill. _c29cm. |
||
| 942 |
_2ddc _cAVM |
||
| 999 |
_c2555 _d2555 |
||